书目信息 |
| 题名: |
大学英语跨文化读写教程
|
|
| 作者: | 张喆 总主编 ;高华伟 主编 | |
| 分册: | 第三册 | |
| 出版信息: | 上海 华东师范大学出版社 2023 |
|
| 页数: | 129页 | |
| 开本: | 28cm | |
| 丛书名: | 新时代大学英语数字化课程 | |
| 单 册: | ||
| 中图分类: | H319.37 | |
| 科图分类: | ||
| 主题词: | 英语--阅读--高等学校--教材 , 英语--写作--高等学校--教材 | |
| 电子资源: | ||
| ISBN: | 978-7-5760-2998-7 | |
| 000 | 00975nam0 2200289 450 | |
| 001 | 012520482 | |
| 005 | 20240710155458.0 | |
| 010 | @a978-7-5760-2998-7@dCNY45.80 | |
| 100 | @a20240508d2023 em y0chiy0120 ea | |
| 101 | 0 | @achi@aeng |
| 102 | @aCN@b310000 | |
| 105 | @aa z 000yy | |
| 106 | @ar | |
| 200 | 1 | @a大学英语跨文化读写教程@9da xue ying yu kua wen hua du xie jiao cheng@h第三册@f张喆总主编@g高华伟主编 |
| 210 | @a上海@c华东师范大学出版社@d2023 | |
| 215 | @a129页@c图@d28cm | |
| 225 | @a新时代大学英语数字化课程 | |
| 300 | @a新时代大学英语数字化课程 | |
| 330 | @a本书紧扣时代要求和人文素养培养,主题涉及健康、工作、家庭、安全、娱乐、习俗、文艺、商业等,提升学生的综合素养。 | |
| 586 | @a | |
| 606 | 0 | @a英语@x阅读@x高等学校@j教材 |
| 606 | 0 | @a英语@x写作@x高等学校@j教材 |
| 690 | @aH319.37@v5 | |
| 701 | 0 | @a张喆@9zhang zhe@4总主编 |
| 702 | 0 | @a高华伟@9gao hua wei@4主编 |
| 801 | 0 | @aCN@c20240710 |
| 905 | @dH319.37@eZ241:3@f2@sH319.37/Z241:3@S@Z | |
| 大学英语跨文化读写教程.第三册/张喆总主编/高华伟主编.-上海:华东师范大学出版社,2023 |
| 129页:图;28cm.-(新时代大学英语数字化课程) |
| 新时代大学英语数字化课程 |
| ISBN 978-7-5760-2998-7:CNY45.80 |
| 本书紧扣时代要求和人文素养培养,主题涉及健康、工作、家庭、安全、娱乐、习俗、文艺、商业等,提升学生的综合素养。 |
| ● |
| 相关链接 |
|
|
|
正题名:大学英语跨文化读写教程
索取号:H319.37/Z241:3
 
预约/预借
| 序号 | 登录号 | 条形码 | 馆藏地/架位号 | 状态 | 备注 |
| 1 | 21618929 | 216189292 | 语言库209/209语言库 43排5列3层/ [索取号:H319.37/Z241:3] | 在馆 | |
| 2 | 21618930 | 216189309 | 语言库209/209语言库 43排5列3层/ [索取号:H319.37/Z241:3] | 在馆 |